| 000 | 01357nam a2200313 c 4500 | ||
|---|---|---|---|
| 003 | BLK | ||
| 005 | 20180420214621.0 | ||
| 008 | 180412b bul|||||r ||||||| ||bul|| | ||
| 010 | _aKNG00012679000 | ||
| 020 |
_a954-649-052-0 _bиздат.: Сиела Софт енд Паблишинг |
||
| 040 | _aBLK | ||
| 041 |
_aBUL _cBUL |
||
| 080 |
_aНамеса на държавата в пазарното стопанство. Вж и 338.246 _b338.242.4 _x.025.88(497.2) _z338.242.4.025.88(497.2) |
||
| 100 | 1 |
_aПасев, Веселин _eпърви автор _9249276 |
|
| 139 |
_aПасев, Веселин _bП 25 |
||
| 245 | 1 | 0 |
_aМасовата приватизация _bКакво печелим и какво рискуваме _cВеселин Пасев. |
| 257 | _aBGR | ||
| 260 |
_аСофия _bСиела Софт енд Паблишинг _c1996 |
||
| 300 |
_a130 с. _bсъс сх., табл. _c23 см |
||
| 380 | _a3 | ||
| 500 | _aДеп. списък: 19. - Авт. не е отбелязан на кор. - 1 000 тир. - Геогр. руб.: България. | ||
| 650 | 4 |
_aПриватизация - България _9256188 |
|
| 653 | _aприватизация | ||
| 852 | _aЦб 188984 | ||
| 856 | 4 |
_qpdf _u |
|
| 856 | 4 |
_qpdf _u |
|
| 942 |
_cKNG _n0 |
||
| 944 |
_aCR _c15.01.2003 _kКети_Илиева |
||
| 944 |
_aED _c03.09.2015 _kНора_Радева |
||
| 999 |
_c11155 _d11155 |
||